000 01124nam0a2200373 4500
001 RU\NLR\bibl\164926
005 20250618054618.0
010 _a5-7805-0680-9
_bВ пер.
_925000
021 _aRU
_b2001-854
_943
035 _a(NLR Aleph) 000161763
090 _a930532
_c930532
100 _a20010326d2001 |||y0rusy50 ca
101 0 _arus
102 _aRU
105 _aa |||||||||
200 1 _aГадания
_fАлена Снегирева
210 _aМ.
_cАСТ-пресс
_d2001
215 _a332, [2] с.
_cил.
_d17
225 1 _aДевичьи секреты
300 _aНа обл. авт. не указан
606 0 _aГадание
_91327123
_3RU\NLR\auth\66236484
606 0 _aГадания
_92088375
_3RU\NLR\auth\661264266
610 0 _aГадание (д. л.)
675 _a087.5:133.4
_v3
_zrus
686 _aЭ391.2
700 1 _aСнегирева
_gАлена
_4070
801 0 _aRU
_bRKP
_c20010326
_gPSBO
801 1 _aRU
_bRKP
_c20010326
801 2 _aRU
_bNLR
_c20010705
_grcr
942 _cBOOK
980 _aNB